<?xml version="1.0" encoding="UTF-8"?><?xml-stylesheet type="text/xsl" href="static/style.xsl"?><OAI-PMH xmlns="http://www.openarchives.org/OAI/2.0/" xmlns:xsi="http://www.w3.org/2001/XMLSchema-instance" xsi:schemaLocation="http://www.openarchives.org/OAI/2.0/ http://www.openarchives.org/OAI/2.0/OAI-PMH.xsd"><responseDate>2026-04-13T04:21:18Z</responseDate><request verb="GetRecord" identifier="oai:www.recercat.cat:10459.1/47072" metadataPrefix="marc">https://recercat.cat/oai/request</request><GetRecord><record><header><identifier>oai:recercat.cat:10459.1/47072</identifier><datestamp>2024-12-05T22:16:43Z</datestamp><setSpec>com_2072_3622</setSpec><setSpec>col_2072_479130</setSpec></header><metadata><record xmlns="http://www.loc.gov/MARC21/slim" xmlns:dcterms="http://purl.org/dc/terms/" xmlns:xsi="http://www.w3.org/2001/XMLSchema-instance" xmlns:doc="http://www.lyncode.com/xoai" xsi:schemaLocation="http://www.loc.gov/MARC21/slim http://www.loc.gov/standards/marcxml/schema/MARC21slim.xsd">
   <leader>00925njm 22002777a 4500</leader>
   <datafield ind2=" " ind1=" " tag="042">
      <subfield code="a">dc</subfield>
   </datafield>
   <datafield ind2=" " ind1=" " tag="720">
      <subfield code="a">Terrado Pablo, Javier</subfield>
      <subfield code="e">author</subfield>
   </datafield>
   <datafield ind2=" " ind1=" " tag="260">
      <subfield code="c">2014-03-25T19:15:19Z</subfield>
   </datafield>
   <datafield ind2=" " ind1=" " tag="260">
      <subfield code="c">2014-03-25T19:15:19Z</subfield>
   </datafield>
   <datafield ind2=" " ind1=" " tag="260">
      <subfield code="c">2009</subfield>
   </datafield>
   <datafield ind2=" " ind1=" " tag="520">
      <subfield code="a">En este artículo vamos a ocuparnos de uno de los mecanismos de&#xd;
transformación del patrimonio lingüístico: la metacedeusis. Es un procedimiento&#xd;
que contribuye a la renovación del repertorio léxico y, en especial, del toponímico.&#xd;
Intentamos en primer lugar mostrar que no coincide con lo que se ha&#xd;
venido llamando etimología popular. En segundo lugar enumeramos y ejemplificamos&#xd;
algunos de los factores que favorecen la aparición de este fenómeno. A&#xd;
lo largo de toda la exposición, nos esforzamos en demostrar que solo el conocimiento&#xd;
del léxico patrimonial permite detectar los casos de metacedeusis y, en&#xd;
consecuencia, trazar adecuadamente la historia del topónimo.</subfield>
   </datafield>
   <datafield ind2=" " ind1=" " tag="520">
      <subfield code="a">This article deals with one of the main procedures which contribute&#xd;
to the transformation of the lexical stock of languages: metacedeusis. The&#xd;
term metacedeusis (from gr. κηδευειν ‘to get into a family’ and μετα, expressing&#xd;
change) was first used by Joan Coromines to express the change of a word&#xd;
from one lexical family to another. We attempt to show that it is not equivalent&#xd;
to what has been called folk etymology or popular etymology. It is explained here&#xd;
which are, in our opinion, the social conditions that lead to this sort of lexical&#xd;
change. The whole argumentation is exemplified with aragonese or catalan place&#xd;
names.</subfield>
   </datafield>
   <datafield ind1="8" ind2=" " tag="024">
      <subfield code="a">http://hdl.handle.net/10459.1/47072</subfield>
   </datafield>
   <datafield tag="653" ind2=" " ind1=" ">
      <subfield code="a">Metacedeusis</subfield>
   </datafield>
   <datafield tag="653" ind2=" " ind1=" ">
      <subfield code="a">Etimología</subfield>
   </datafield>
   <datafield tag="653" ind2=" " ind1=" ">
      <subfield code="a">Etimología popular</subfield>
   </datafield>
   <datafield tag="653" ind2=" " ind1=" ">
      <subfield code="a">Léxico patrimonial</subfield>
   </datafield>
   <datafield tag="653" ind2=" " ind1=" ">
      <subfield code="a">Toponímia</subfield>
   </datafield>
   <datafield tag="653" ind2=" " ind1=" ">
      <subfield code="a">Lexicologia històrica</subfield>
   </datafield>
   <datafield ind2="0" ind1="0" tag="245">
      <subfield code="a">Léxico patrimonial y metacedeusis en los nombres de lugar</subfield>
   </datafield>
</record></metadata></record></GetRecord></OAI-PMH>